|
|
|
|
| LEADER |
00000naa0a2200000 4500 |
| 001 |
672672 |
| 005 |
20250822132404.0 |
| 090 |
|
|
|a 672672
|
| 100 |
|
|
|a 20240522d2023 k||y0rusy50 ca
|
| 101 |
2 |
|
|a rus
|
| 102 |
|
|
|a RU
|
| 135 |
|
|
|a drcn ---uucaa
|
| 181 |
|
0 |
|a i
|b e
|
| 182 |
|
0 |
|a b
|
| 183 |
|
0 |
|a cr
|2 RDAcarrier
|
| 200 |
1 |
|
|a Математическое моделирование работы реакторов глубокой переработки нефти на примере технологий каталитического крекинга и гидрокрекинга
|f Е. Н. Ивашкина, Г. Ю. Назарова, А. Ю. Дементьев [и др.]
|
| 203 |
|
|
|a Текст
|b визуальный
|c электронный
|
| 283 |
|
|
|a online_resource
|2 RDAcarrier
|
| 320 |
|
|
|a Список литературы: 1 назв.
|
| 336 |
|
|
|a Текстовый файл
|
| 463 |
|
1 |
|t XXV Международная конференция по химическим реакторам (ХимРеактор-25)
|o сборник тезисов, 8-13 октября 2023 г., Тюмень, Россия
|v С. 153-154
|c Новосибирск
|d 2023
|n ИК им. Г.К. Борескова СО РАН
|
| 610 |
1 |
|
|a труды учёных ТПУ
|
| 610 |
1 |
|
|a электронный ресурс
|
| 610 |
1 |
|
|a нефть
|
| 610 |
1 |
|
|a каталитический крекинг
|
| 610 |
1 |
|
|a гидрокрекинг
|
| 701 |
|
1 |
|a Ивашкина
|b Е. Н.
|c химик-технолог
|c профессор Томского политехнического университета, доктор технических наук
|f 1983-
|g Елена Николаевна
|y Томск
|9 11119
|
| 701 |
|
1 |
|a Назарова
|b Г. Ю.
|c химик
|c доцент Томского политехнического университета, кандидат технических наук
|f 1990-
|g Галина Юрьевна
|9 18715
|
| 701 |
|
1 |
|a Дементьев
|b А. Ю.
|g Александр Юрьевич
|
| 701 |
|
1 |
|a Чузлов
|b В. А.
|c химик
|c доцент Томского политехнического университета, кандидат технических наук
|f 1991-
|g Вячеслав Алексеевич
|9 17463
|
| 701 |
|
1 |
|a Сладков
|b Д. Ю.
|c химик-технолог
|c инженер Томского политехнического университета
|f 1999-
|g Денис Юрьевич
|y Томск
|9 23087
|
| 701 |
|
1 |
|a Самойлов
|b Е. Р.
|g Евгений Романович
|
| 701 |
|
1 |
|a Григораш
|b М. С.
|g Михаил Степанович
|f 2000-
|c химик-технолог
|c инженер Томского политехнического университета
|y Томск
|9 23085
|
| 712 |
0 |
2 |
|a Национальный исследовательский Томский политехнический университет
|c (2009- )
|9 26305
|
| 801 |
|
0 |
|a RU
|b 63413507
|c 20240522
|
| 850 |
|
|
|a 63413507
|
| 856 |
|
4 |
|u https://disk.yandex.ru/d/f8-mDDgvSR3sHQ
|z https://disk.yandex.ru/d/f8-mDDgvSR3sHQ
|
| 942 |
|
|
|c CF
|